English for hotel staff

保存先:
書誌詳細
フォーマット: 図書
出版事項: 1979
タグ: タグ追加
タグなし, このレコードへの初めてのタグを付けませんか!
Thư viện lưu trữ: Mạng thư viện Đại học Đà Nẵng
LEADER 00434nam a22001811a 4500
001 000037975
003 14270
005 20160412021207.0
008 160412s1979 000
082 |a 4A(07)1487-88 
245 |a English for hotel staff  |c Kate Schoago 
260 |c 1979 
OWN |a LNN 
999 |a From the UDN01 
TYP |a Monograph 
980 |a Mạng thư viện Đại học Đà Nẵng